| 000 | 00510nam a2200193Ia 4500 | ||
|---|---|---|---|
| 005 | 20260429111951.0 | ||
| 008 | 260429s9999||||xx |||||||||||||| ||und|| | ||
| 020 | _a9781260565843 | ||
| 041 | _aEnglish | ||
| 082 |
_a547 _bSMI |
||
| 100 | _aSmith, Janice Gorzynski | ||
| 245 | 0 |
_aOrganic chemistry / _cJanice Gorzynski Smith |
|
| 250 | _a6th ed. | ||
| 260 |
_aUnited States : _bMcGraw Hill, _c2020. |
||
| 300 | _axxvi, 1291 p.; pbk | ||
| 650 | _a Organic chemistry | ||
| 650 | _aChemistry | ||
| 942 | _cTB | ||
| 999 |
_c51668 _d51668 |
||